Szczegóły MARC21

Poziomowany system ssący : przewodnik w zakresie doskonalenia systemu produkcyjnego wg zasad Lean dla specjalistów z planowania i sterowania produkcją, produkcji i technologii /

003 -Nazwa inst., której nr kontr. jest w polu 001 [,]
    • @
    • Nazwa instytucji, której n kontrolny jest w polu 001
    • NUKAT
005 -DATA I CZAS OSTATNIEJ MODYFIKACJI [,]
    • @
    • pole kontrolne
    • 20241231115413.0
020 -Międzynarod. znormalizowany nr książki - ISBN [ , ]
    • a
    • Numer ISBN
    • 9788393163700 Find
040 -Instytucja sporządzająca opis [ , ]
    • a
    • Instytucja, która sporządziła opis (NP)
    • WA M/MC
    • c
    • Instytucja, która sporządziła rekord (NP)
    • WA M/MC
    • d
    • Instytucja, która zmodyfikowała rekord (P)
    • WA M/ES
    • d
    • Instytucja, która zmodyfikowała rekord (P)
    • KR U/KNs
    • d
    • Instytucja, która zmodyfikowała rekord (P)
    • KR 93/MSs
041 -Język dokumentu [1, ]
    • a
    • Język tekstu (P)
    • polski
    • h
    • Język tekstu oryginalnego i/lub pośredniego (P)
    • angielski
942 -Rodzaj dokumentu [ , ]
    • c
    • Rodzaj dokumentu
    • Książka
100 -Hasło główne - nazwa osobowa [1, ]
    • a
    • Nazwa osobowa (NP)
    • Smalley, Art.
    • 9
    • KHW
    • 474287
245 -Strefa tytułu i oznaczenia odpowiedzialności [1,0]
    • a
    • Tytuł
    • Poziomowany system ssący : Find
    • b
    • Ciąg dalszy tytułu (NP)
    • przewodnik w zakresie doskonalenia systemu produkcyjnego wg zasad Lean dla specjalistów z planowania i sterowania produkcją, produkcji i technologii / Find
    • c
    • Pozostałe elementy strefy tytułu i oznaczenia odpowiedzialności (NP)
    • Art Smalley, słowo wstępne Jim Womack [et al.] ; przedm. do wyd. pol. Tomasz Koch, Tomasz Sobczyk. ; [tł. Lean Enterprise Institute].
250 -Strefa wydania [ , ]
    • a
    • Oznaczenie wydania (NP)
    • Wyd. 1 w jęz. pol.
260 -Strefa adresu wydawniczego [ , ]
    • a
    • Miejsce wydania (P)
    • Wrocław :
    • b
    • Nazwa wydawcy (P)
    • Wydawnictwo Lean Enterprise Institute Polska,
    • c
    • Data wydania (P)
    • 2011.
300 -Strefa opisu fizycznego [ , ]
    • a
    • Określenie formy książki i/lub objętość (NP)
    • [12], 114 s. :
    • b
    • Oznaczenie ilustracji (NP)
    • il. ;
    • c
    • Format (NP)
    • 30 cm.
336 -Typ zawartości [ , ]
    • a
    • Termin opisujący typ zawartości
    • Tekst
    • b
    • Kod określający zawartość
    • txt
    • 2
    • Źródło (terminu i kodu)
    • rdacontent
337 -Typ mediów [ , ]
    • a
    • Tryb odtwarzania
    • Bez urządzenia pośredniczącego
    • b
    • Kod typu mediów
    • n
    • 2
    • Źródło (terminu i kodu)
    • rdamedia
338 -Typ/rodzaj nośnika [ , ]
    • a
    • Hasło opisujące typ nośnika
    • Wolumin
    • b
    • Kod typu nośnika
    • nc
    • 2
    • Źródło (terminu i kodu)
    • rdacarrier
500 -Uwaga ogólna [ , ]
    • a
    • Uwaga ogólna (NP)
    • Nazwa tł. w cop.
504 -Uwaga dot. bibliogr. załącznikowej [ , ]
    • a
    • Uwaga dot. bibliografii załącznikowej
    • Bibliogr. s. 114.
650 -Hasło przedmiotowe [ ,7]
    • a
    • Hasło przedmiotowe
    • Procesy produkcyjne
    • x
    • Określnik rzeczowy
    • zarządzanie
    • v
    • Określnik formalny
    • podręczniki.
    • 2
    • Źródło terminu
    • kaba
    • 9
    • KHW
    • 518205
650 -Hasło przedmiotowe [ ,7]
    • a
    • Hasło przedmiotowe
    • Produkcja
    • x
    • Określnik rzeczowy
    • planowanie
    • v
    • Określnik formalny
    • podręczniki.
    • 2
    • Źródło terminu
    • kaba
    • 9
    • KHW
    • 381701
650 -Hasło przedmiotowe [ ,7]
    • a
    • Hasło przedmiotowe
    • Just-in-time (system)
    • v
    • Określnik formalny
    • podręczniki.
    • 2
    • Źródło terminu
    • kaba
    • 9
    • KHW
    • 518210
700 -Hasło dodatkowe - nazwa osobowa [1, ]
    • a
    • Nazwa osobowa (NP)
    • Womack, James P. Find
    • e
    • Określenie rodzaju współpracy
    • Przedm.
    • 9
    • KHW
    • 41767
700 -Hasło dodatkowe - nazwa osobowa [1, ]
    • a
    • Nazwa osobowa (NP)
    • Koch, Tomasz Find
    • d
    • Daty biograficzne (NP)
    • (1956- ).
    • e
    • Określenie rodzaju współpracy
    • Przedm.
    • 9
    • KHW
    • 41766
700 -Hasło dodatkowe - nazwa osobowa [1, ]
    • a
    • Nazwa osobowa (NP)
    • Sobczyk, Tomasz. Find
    • e
    • Określenie rodzaju współpracy
    • Przedm.
    • 9
    • KHW
    • 41771
710 -Hasło dodatkowe - nazwa ciała zbiorowego [2, ]
    • a
    • Nazwa ciała zbiorowego lub nazwa geograficzna jako pierwszy element (NP)
    • Lean Enterprise Institute.
    • 9
    • KHW
    • 41784
920 -ISBN [ , ]
    • a
    • ISBN
    • 978-83-931637-0-0 Find
Sygnatura Numer inwentarzowy Status udost. Data inwentaryzacji Lokalizacja
T.20502T.20502-22018-12-05T
TM.14323TM.14323-22018-12-05T
TM.14324TM.14324-32018-12-05T